000 00698nam a2200253Ia 4500
003 OSt
005 20220926011014.0
006 a|||||r|||| 00| 0
007 ta
008 220923b |||||||| |||| 00| 0 eng d
020 _a0137098812
037 _cGeneral Book
040 _aRTL
_cRTL
_beng
041 _2eng
_aeng
082 _aX7.73.N8, M3
100 _aDavis J Ronnie
_9266962
245 0 _aPrinciples of public finance
260 _aNew Jersey
_bPrentice Hall
_c1983
300 _aix, 357p.
_ccm.
650 _aFinance
700 _a Meyer Charles W
_9313408
942 _hX7.73.N8, M3
_cGB
_2CC
999 _c618835
_d618835